| 000 | 00697nam a22002057a 4500 | ||
|---|---|---|---|
| 005 | 20230918153911.0 | ||
| 010 | _aENG-138120 | ||
| 020 |
_a9789355325525 _c835.00 |
||
| 035 | _aEN-121652 | ||
| 037 | _bDBAD/PUB | ||
| 082 | _a005.73 | ||
| 100 |
_aDasgupta,Sanjoy _956870 |
||
| 245 |
_aAlgorithms/ _cBy Sanjoy Dasgupta; Christos Papadimitriou and Umesh Vazirani |
||
| 260 |
_aTamil Nadu _bMcGraw Hill Education(India) Private Limited _c2023 |
||
| 270 |
_aAnjana Complex No: 5/90A, Butt Road, St. Thomas Mount _bChennai _e600016 |
||
| 300 |
_av.p. _c25cm(pbk) |
||
| 700 |
_aPapadimitriou, Christos _956652 |
||
| 700 |
_aVazirani, Umesh _956871 |
||
| 942 |
_2ddc _cEN _h005.73 _mDAS |
||
| 999 |
_c198312 _d198312 |
||